000
00320nam a2200145Ia 4500
008
230312s9999||||xx |||||||||||||| ||und||
082
_a
332.632042
_b
FRA
100
_a
Frankel, MR
245
0
_a
Preparation of Group Accounts
260
_c
1997
300
_a
258
546
_a
Eng.
650
_a
Accounting
942
_c
BK
999
_c
2345
_d
2345